000 02415cam a2200517 a 4500
001 47906857
003 PE-LiUPU
005 20250731184611.0
008 250304b |||||||| |||| 00| 0 spa d
020 _a9781841272030
040 _aOL$
_cPE-LiUPU
_dPE-LiUPU
_bspa
_erda
042 _alccopycat
043 _aa-is---
_aa-jo---
050 0 0 _aDS111
_b.S77 2001
082 0 0 _a933
_bS933
_221
245 0 0 _aStudies in the archaeology of the Iron Age in Israel and Jordan /
_cedited by Amihai Mazar ; with the assistance of Ginny Mathias.
260 _aSheffield, England :
_bSheffield Academic Press,
_cc2001.
300 _a337 páginas :
_bilustraciones. ;
_c24 cm.
490 0 _aJournal for the study of the Old Testament. Supplement series ;
_v331.
500 _aBased on a colloquium initiated and organized by the Institute of Jewish Studies, University College, London, 16-17, April 1996--Pref.
504 _aincluye referencias bibliográficas e índice.
505 0 _aThe monarchic period in the Judaean highland -- The heart of the monarchy -- Phoenicians in Western Galilee -- Agricultural terraces and settlement expansion in the highlands of early Iron Age Palestine -- The high places of biblical Dan -- The date of the temple at Arad -- Between archaeology and theology -- Figurines, figures and contexts in Jerusalem and regions to the East in the seventh and sixth centuries BCE -- Ištar as depicted on finds from Israel -- A room with a view -- Jerusalem in the tenth and seventh centuries BCE -- Beth Shean during Iron Age II -- Busayra and Judah.
526 _aP136
526 _aP135
526 _aP134
526 _aP133
526 _aP144
526 _aP143
526 _aP87
526 _aP35
526 _aP20
526 _aP14
526 _aP10
526 _aP06
650 1 4 _aExcavaciones arqueologicas.
_zIsrael.
_95031
650 2 4 _aEdad de hierro
_zIsrael.
_95032
650 2 4 _aExcavaciones arqueológicas
_zJordania.
_95031
650 2 4 _aEdad de hierro
_zJordania.
_95032
651 2 4 _aIsrael
_xAntigüedades.
_95033
651 2 4 _aJordania
_xAntigüedades.
_95034
700 1 _aMazar, Amihay,
_d1942-
_eeditor.
700 1 _aMathias, Ginny.
_easistente.
710 2 _aInstitute of Jewish Studies (London, England)
942 _2ddc
_cBK
_n0
980 _618226
_aJaime Vilcazán Jefe de Análisis Documental
_81
_gALBERTO SANCHEZ Responsable de Automatización
999 _c62851
_d62850